[Event "FIDE Chesscom Grand Swiss 2019"]
[Site "Douglas-Isle of Man"]
[Date "2019.10.14"]
[Round "5.10"]
[White "Lu, Shanglei"]
[Black "Motylev, Alexander"]
[Result "1/2-1/2"]
[WhiteElo "2602"]
[BlackElo "2651"]
[Annotator "TA"]
[PlyCount "42"]
[EventDate "2019.10.10"]
[EventType "swiss"]
[EventCountry "GBR"]
[SourceTitle "playchess.com"]
[Source "ChessBase"]
[SourceQuality "1"]

{[%evp 21,42,13,17,6,7,18,19,0,0,0,0,0,0,-18,0,0,0,-2,0,0,0,0,0]} 1. e4 e5 2. Nf3 Nc6 3. Bc4 Nf6 4. d3 Bc5 5. c3 d6 6. O-O a6 7. Nbd2 {[%cal Bb1d2,Bd2f1,Bf1g3][%mdl 32]} Ba7 8. Bb3 O-O 9. h3 h6 10. Re1 Be6 11. Bc2 Re8 {The position is equal.} 12. Nf1 {C54: Giuoco Piano: 4 c3 Nf6, main lines with 5 d4 and 5 d3} d5 13. exd5 (13. Qe2 b5 14. Rd1 Qe7 15. Ng3 Rad8 16. exd5 Nxd5 17. Qe4 Nf6 18. Qxc6 Bb6 19. d4 e4 {1-0 (89) So,W (2763)-Harikrishna,P (2734) Riga 2019}) 13... Nxd5 14. Ng3 Qd6 15. Nh4 Qd8 16. Nf3 Qd6 17. Qe2 Qd7 18. Qf1 Qd6 $146 ({Predecessor:} 18... f6 19. Bd2 Qf7 20. d4 exd4 21. Qd3 dxc3 22. Bxc3 {½-½ (22) Gorra,G (1772)-Lind,A (1879) LSS email 2014}) 19. Qe2 Qd7 20. Qf1 Qd6 21. Qe2 Qd7 {Accuracy: White = 77%, Black = 86%.} 1/2-1/2

[Event "FIDE Chesscom Grand Swiss 2019"]
[Site "Douglas-Isle of Man"]
[Date "2019.10.14"]
[Round "5.11"]
[White "Carlsen, Magnus"]
[Black "Ganguly, Surya Shekhar"]
[Result "1-0"]
[WhiteElo "2876"]
[BlackElo "2658"]
[Annotator "TA"]
[PlyCount "81"]
[EventDate "2019.10.10"]
[EventType "swiss"]
[EventCountry "GBR"]
[SourceTitle "playchess.com"]
[Source "ChessBase"]
[SourceQuality "1"]

{[%evp 12,81,13,0,7,4,4,10,21,20,35,9,35,44,88,79,73,60,67,59,65,68,92,90,82,94,112,106,115,105,113,86,146,146,131,157,130,142,209,228,254,234,256,196,218,224,210,177,160,166,325,215,611,611,610,609,595,592,690,532,493,507,789,561,538,534,921,875,1000,981,860,814]} 1. e4 c5 2. Nf3 d6 3. d4 cxd4 4. Nxd4 Nf6 5. Nc3 a6 6. h3 e5 7. Nb3 Be7 {B90: Sicilian Najdorf: Unusual White 6th moves, 6 Be3 Ng4 and 6 Be3 e5} (7... Be6 8. f4 g6 9. Be2 Nbd7 10. g4 Rc8 11. f5 Bxb3 12. axb3 Rxc3 13. bxc3 Nxe4 14. O-O Qh4 15. Bf3 gxf5 16. Bxe4 fxe4 {½-½ (53) Caruana,F (2818)-Vachier Lagrave,M (2778) Saint Louis 2019}) 8. g4 h6 9. Be3 Nbd7 {The position is equal.} 10. a4 b6 11. f3 Qc7 12. h4 Nf8 $146 ({Predecessor:} 12... Bb7 13. Qd2 Rd8 14. Rh3 d5 15. Nxd5 Nxd5 16. exd5 {½-½ (54) Nichols,S (2202)-Bernal Varela,N (2138) FICGS email 2010}) 13. Rg1 Be6 14. g5 $1 {[%cal Rg5f6]} hxg5 15. hxg5 N6d7 16. Nd5 $36 {[%mdl 2048] White fights for an advantage.} Qc6 17. Qd2 Ng6 18. a5 {[%cal Ra5b6]} b5 19. O-O-O Rc8 20. Kb1 Nc5 21. Be2 Bd8 (21... Rh7 $142) 22. Nxc5 $16 dxc5 23. f4 $1 {[%cal Rf4f5]} exf4 24. Bxf4 Be7 (24... Rh4 $16) 25. Nxe7 $18 Kxe7 26. Bd6+ $1 Ke8 27. Qc3 Rh7 28. Bg3 b4 29. Qd3 c4 {[#]} 30. Qd6 $1 Qxe4 $2 (30... b3 {might work better.} 31. cxb3 Qxe4+ {[%mdl 64] Double Attack} 32. Ka1 cxb3 33. Bxa6 Qa4+ 34. Qa3 Qxa3+ 35. bxa3 Rc5) 31. Rd4 ({Weaker is} 31. Qxa6 b3 $15) ({Inferior is} 31. Qxb4 Qxe2 32. Rge1 Qg2 $11) 31... Qb7 $2 {[#]} (31... Qc6 32. Qxc6+ (32. Qxb4 Rh1 $16) 32... Rxc6) 32. Qb6 $1 {[%cal Rb6b7] White is clearly winning.} Qa8 33. Rgd1 {Bf3! is the strong threat.} Rh1 34. Be1 {Strongly threatening Bf3!} Ne5 35. Bxb4 Rxd1+ 36. Rxd1 Qc6 (36... Rd8 $142 37. Rxd8+ Qxd8) 37. Qe3 Qb5 38. Bc3 Rc5 39. b4 Nd3 40. cxd3 Rd5 41. dxc4 {Accuracy: White = 91%, Black = 36%.} 1-0

[Event "FIDE Chesscom Grand Swiss 2019"]
[Site "Douglas-Isle of Man"]
[Date "2019.10.14"]
[Round "5.11"]
[White "Melkumyan, Hrant"]
[Black "Paravyan, David"]
[Result "1/2-1/2"]
[WhiteElo "2650"]
[BlackElo "2602"]
[Annotator "TA"]
[PlyCount "117"]
[EventDate "2019.10.10"]
[EventType "swiss"]
[EventCountry "GBR"]
[SourceTitle "playchess.com"]
[Source "ChessBase"]
[SourceQuality "1"]

{[%evp 24,117,0,0,19,0,0,0,0,0,0,1,8,0,0,0,0,0,2,0,5,0,0,-12,-10,-4,0,-18,-16,-60,-3,-20,-24,-25,-27,-37,-14,-14,-6,-31,-35,-33,-18,-28,-32,-37,-37,-117,-96,-96,-67,-87,-4,-4,-1,-4,0,0,0,0,0,0,0,0,0,0,0,0,0,0,0,0,0,0,0,0,0,0,0,0,0,0,0,0,0,0,0,0,0,0,0,0,0,0,0,0]} 1. d4 Nf6 2. c4 g6 3. Nc3 d5 4. Nf3 Bg7 5. cxd5 Nxd5 6. e4 Nxc3 7. bxc3 c5 8. Be3 Nc6 9. Qd2 cxd4 10. cxd4 Bg4 11. Rd1 O-O 12. Be2 Rc8 13. O-O Qa5 {D85: Exchange Grünfeld: Unusual White 7th moves and lines with 7 Nf3} 14. h3 Bxf3 15. Bxf3 Qxd2 16. Rxd2 Na5 {[#]} 17. Rd3 $146 ({Predecessor:} 17. e5 Nc4 18. Rd3 Nxe3 19. fxe3 Rc7 20. Be4 Rfc8 21. Rb3 {½-½ (29) Anand,V (2811)-Carlsen,M (2826) Moscow 2011}) 17... Rfd8 18. d5 b6 19. Rc1 Rxc1+ 20. Bxc1 Be5 21. Bg5 Kf8 22. Bh6+ Ke8 23. Bg4 Nb7 24. Ra3 Nd6 25. Rxa7 Nxe4 26. Be3 f5 ({Black should play} 26... Nc3 $15) 27. Bd1 Nc3 28. Bb3 Nxd5 29. Bd2 Bf4 30. Be1 Nf6 31. Ra6 Bc7 32. f3 Kd7 33. Bf2 Kc6 34. Ra7 Nd5 35. a4 (35. Kf1 $15) 35... Bb8 36. Bxd5+ Rxd5 37. Rxe7 $17 {[%mdl 4096] Endgame [#] KRB-KRB} Rd1+ (37... Bd6 $1 $17 {[%cal Rd6e7]} 38. Re1 Rd2) 38. Re1 $11 {The position is equal.} Rxe1+ 39. Bxe1 {KB-KB} Bc7 40. Kf2 $1 Kc5 {Threatens to win with ...Kc4.} 41. Ke3 $1 Kc4 42. g4 $1 fxg4 43. hxg4 Kb3 {And now ...g5 would win.} 44. f4 Kxa4 45. f5 b5 46. Ke4 b4 47. Kd5 b3 {[#] aiming for ...b2.} 48. Bc3 Ba5 49. Bb2 Bb4 50. Ke5 gxf5 51. gxf5 Ba3 52. Bxa3 Kxa3 {KPP-KP} 53. f6 {White threatens f7 and mate.} b2 54. f7 b1=Q 55. f8=Q+ Qb4 56. Qxb4+ Kxb4 57. Kf5 h5 58. Kg5 h4 {( -> ...h3)} 59. Kxh4 {Accuracy: White = 57%, Black = 59%.} 1/2-1/2

[Event "FIDE Chesscom Grand Swiss 2019"]
[Site "Douglas-Isle of Man"]
[Date "2019.10.14"]
[Round "5.12"]
[White "Yu, Yangyi"]
[Black "Kovalev, Vladislav"]
[Result "1/2-1/2"]
[WhiteElo "2763"]
[BlackElo "2661"]
[Annotator "TA"]
[PlyCount "89"]
[EventDate "2019.10.10"]
[EventType "swiss"]
[EventCountry "GBR"]
[SourceTitle "playchess.com"]
[Source "ChessBase"]
[SourceQuality "1"]

{[%evp 10,89,38,37,29,32,45,21,33,24,25,27,41,39,41,16,17,24,25,13,26,10,22,25,25,18,27,21,58,58,56,46,42,31,31,31,31,31,31,31,31,31,31,31,31,31,50,8,8,8,9,8,8,0,0,0,8,1,1,8,8,8,8,9,9,9,10,0,0,0,0,0,55,0,0,0,0,0,0,0,0,0]} 1. e4 c5 2. Nf3 Nf6 3. Nc3 d5 4. exd5 Nxd5 5. Bb5+ Bd7 6. Ne5 {[#] aiming for Qf3.} Nf6 {B29: Sicilian: 2 Nf3 Nf6 (Nimzowitsch Variation)} (6... Bxb5 7. Qf3 f6 8. Nxb5 Na6 9. Qh5+ g6 10. Nxg6 hxg6 11. Qxh8 Qd7 12. Nc3 Nab4 13. O-O Nxc2 14. Rb1 {½-½ (54) Caruana,F (2816)-Mamedyarov,S (2808) Leuven 2018}) 7. Qf3 Qc8 8. Nxd7 Nbxd7 9. b3 $146 ({Predecessor:} 9. O-O a6 10. Bxd7+ Qxd7 11. d3 e6 12. Ne4 Be7 13. Be3 Nxe4 14. dxe4 {0-1 (48) Kabanov,N (2450)-Belyakov,B (2459) St Petersburg 2018}) 9... a6 10. Bxd7+ Qxd7 11. Bb2 Qe6+ 12. Ne2 (12. Kf1 {is interesting.} Qd7 13. h4 e6 14. Re1 O-O-O 15. d3) 12... Qe4 13. Qxe4 Nxe4 14. Ng3 Nf6 15. O-O-O e6 16. f4 h5 17. Bxf6 gxf6 18. f5 $1 Rd8 19. Rhf1 Be7 20. Rde1 Kd7 21. h4 e5 22. Ne4 Rhg8 23. g3 b5 24. c4 Kc6 25. Rf3 Rd4 26. d3 Rb8 27. Kc2 Rd7 28. Nc3 bxc4 29. dxc4 Rd4 $1 30. Re4 Rbd8 31. Rxd4 (31. Re2 {is more complex.} Rg8 32. Rd2 Bd8 33. Rd1 Rgg4 34. Re3) 31... cxd4 $11 {[%mdl 4096] Endgame KRB-KRN} 32. Ne4 $1 Rb8 33. Rf1 a5 34. Rb1 Rg8 35. Rg1 Rg4 36. Kd3 Rg8 37. Ke2 Rd8 38. Kf3 {[#]} a4 $1 {[%mdl 512]} 39. Rb1 (39. bxa4 Ra8) 39... axb3 40. axb3 Ra8 ({Black should try} 40... d3 $11) 41. b4 (41. g4 $1 $14) 41... Ra3+ {The position is equal.} 42. Kf2 Ra2+ 43. Kf3 Ra3+ 44. Kf2 Ra2+ 45. Kf3 {Accuracy: White = 67%, Black = 71%.} 1/2-1/2

[Event "FIDE Chesscom Grand Swiss 2019"]
[Site "Douglas-Isle of Man"]
[Date "2019.10.14"]
[Round "5.13"]
[White "Harikrishna, Pentala"]
[Black "Sarana, Alexey"]
[Result "1/2-1/2"]
[WhiteElo "2748"]
[BlackElo "2655"]
[Annotator "TA"]
[PlyCount "68"]
[EventDate "2019.10.10"]
[EventType "swiss"]
[EventCountry "GBR"]
[SourceTitle "playchess.com"]
[Source "ChessBase"]
[SourceQuality "1"]

{[%evp 18,68,10,3,9,0,15,13,22,0,22,20,25,18,53,53,69,75,64,62,71,74,69,77,77,60,58,30,84,81,72,83,101,45,57,0,0,0,0,0,0,0,0,0,0,0,0,0,0,0,0,0,0]} 1. d4 Nf6 2. c4 e6 3. g3 d5 4. Bg2 Bb4+ 5. Bd2 Be7 6. Nf3 c6 7. Qc2 O-O 8. O-O b6 9. Rd1 Nbd7 10. b3 a5 {E11: Bogo-Indian} 11. Bc3 Bb7 12. Nbd2 Qc7 13. e4 {[#]} Nxe4 $146 ({Predecessor:} 13... dxe4 14. Nxe4 c5 15. Nxf6+ Nxf6 16. dxc5 bxc5 17. Ng5 h6 18. Ne4 Nxe4 19. Bxe4 Bxe4 20. Qxe4 {½-½ (41) Bruzon Batista,L (2669)-Ni,H (2703) Danzhou 2015}) 14. Nxe4 dxe4 15. Qxe4 c5 16. d5 {Threatens to win with Qe3.} Bf6 17. Bxf6 Nxf6 18. Qe5 Qxe5 19. Nxe5 exd5 20. cxd5 Rad8 {[%cal Rb7d5]} 21. Rd2 Rfe8 ({But not} 21... Nxd5 $2 22. Rad1 $18) 22. f4 Nd7 (22... g5 $11) 23. Nc6 $16 Ra8 24. g4 a4 25. Rb1 (25. d6 $16 {aiming for Ne7+.} Kf8 26. Ne5 {[%mdl 64] Discovered Attack} Nxe5 27. Bxb7) 25... axb3 $14 26. Rxb3 (26. axb3 $14 Ra3 27. g5) 26... Ra4 $36 {[%mdl 2048] The position is equal. Black is more active.} 27. Ne5 Rxf4 28. Nxd7 {[#] Hoping for h3.} Re1+ 29. Bf1 Rfxf1+ 30. Kg2 Rg1+ 31. Kf2 $1 Ref1+ 32. Ke3 Re1+ ({Weaker is} 32... Rxg4 33. Rxb6 Rb4 34. Rb2 $18) 33. Kf2 Rgf1+ 34. Kg2 Rg1+ {Accuracy: White = 75%, Black = 34%.} 1/2-1/2

[Event "FIDE Chesscom Grand Swiss 2019"]
[Site "Douglas-Isle of Man"]
[Date "2019.10.14"]
[Round "5.13"]
[White "Zvjaginsev, Vadim"]
[Black "Yilmaz, Mustafa"]
[Result "1/2-1/2"]
[WhiteElo "2644"]
[BlackElo "2595"]
[Annotator "RC"]
[PlyCount "82"]
[EventDate "2019.10.10"]
[EventType "swiss"]
[EventCountry "GBR"]
[SourceTitle "playchess.com"]
[Source "ChessBase"]
[SourceQuality "1"]
[TimeControl "40/6000+30:20/3000+30:900+30"]

1. d4 {[%emt 0:00:00]} Nf6 {[%emt 0:00:48]} 2. c4 {[%emt 0:00:00]} e6 {[%emt 0:00:27]} 3. Nf3 {[%emt 0:00:00]} d5 {[%emt 0:00:26]} 4. Nc3 {[%emt 0:00:02]} Bb4 {[%emt 0:01:48]} 5. Bg5 {[%emt 0:00:20]} h6 {[%emt 0:00:23]} 6. Bxf6 {[%emt 0:00:32]} Qxf6 {[%emt 0:00:06]} 7. Qa4+ {[%emt 0:00:38]} Nc6 {[%emt 0:01:05]} 8. e3 {[%emt 0:00:05]} O-O {[%emt 0:01:21]} 9. Rd1 {[%emt 0:01:01]} Qg6 {[%emt 0:05:27]} 10. h3 {[%emt 0:00:35]} Bd7 {[%emt 0:10:20]} 11. Qb3 {[%emt 0:01:11]} dxc4 {[%emt 0:03:56]} 12. Qxc4 {[%emt 0:04:21]} Qc2 {[%emt 0:07:17]} 13. a3 {[%emt 0:01:32]} Bxc3+ {[%emt 0:10:20]} 14. Qxc3 {[%emt 0:04:34]} Qxc3+ {[%emt 0:00:06]} 15. bxc3 {[%emt 0:00:03]} Rfd8 {[%emt 0:02:30]} 16. g4 {[%emt 0:06:00]} Rac8 {[%emt 0:07:58]} 17. Rg1 {[%emt 0:07:07]} Ne7 {[%emt 0:04:18]} 18. g5 {[%emt 0:03:51]} hxg5 {[%emt 0:03:38]} 19. Rxg5 {[%emt 0:01:24]} f6 {[%emt 0:02:07]} 20. Ra5 {[%emt 0:04:38]} Nc6 {[%emt 0:02:22]} 21. Rb5 {[%emt 0:03:14]} b6 {[%emt 0:00:27]} 22. Rb2 {[%emt 0:08:49]} Na5 {[%emt 0:02:42]} 23. Ba6 {[%emt 0:06:59]} Rb8 {[%emt 0:00:04]} 24. Be2 {[%emt 0:00:56]} Kf7 {[%emt 0:05:13]} 25. c4 {[%emt 0:01:46]} Ke7 {[%emt 0:01:58]} 26. Nd2 {[%emt 0:08:49]} Rh8 {[%emt 0:05:39]} 27. Bf1 {[%emt 0:00:48]} Rh5 {[%emt 0:03:01]} 28. c5 {[%emt 0:01:34]} e5 {[%emt 0:03:24]} 29. dxe5 {[%emt 0:06:33]} Rxe5 {[%emt 0:01:11]} 30. Rc1 {[%emt 0:01:08]} Rh5 {[%emt 0:04:16]} 31. cxb6 {[%emt 0:04:08]} cxb6 {[%emt 0:01:02]} 32. Rc7 {[%emt 0:11:21]} Rb7 {[%emt 0:05:41]} 33. Rbc2 {[%emt 0:01:39]} Kd8 {[%emt 0:04:04]} 34. R7c3 {[%emt 0:01:55]} Rb8 {[%emt 0:02:00]} 35. Ne4 {[%emt 0:06:49]} Rc8 {[%emt 0:02:40]} 36. Rxc8+ {[%emt 0:02:36]} Bxc8 {[%emt 0:00:01]} 37. Rd2+ {[%emt 0:00:07]} Ke7 {[%emt 0:00:35]} 38. Rc2 {[%emt 0:00:05]} Kd8 {[%emt 0:02:23]} 39. Rd2+ {[%emt 0:00:04]} Kc7 {[%emt 0:01:16]} 40. f4 {[%emt 0:07:12]} Bb7 {[%emt 0:04:45]} 41. Rc2+ {[%emt 0:05:49]} Kd8 {[%emt 0:02:42]} 1/2-1/2

[Event "FIDE Chesscom Grand Swiss 2019"]
[Site "Douglas-Isle of Man"]
[Date "2019.10.14"]
[Round "5.14"]
[White "Artemiev, Vladislav"]
[Black "Kasimdzhanov, Rustam"]
[Result "1/2-1/2"]
[WhiteElo "2746"]
[BlackElo "2657"]
[Annotator "TA"]
[PlyCount "75"]
[EventDate "2019.10.10"]
[EventType "swiss"]
[EventCountry "GBR"]
[SourceTitle "playchess.com"]
[Source "ChessBase"]
[SourceQuality "1"]

{[%evp 9,75,8,18,17,27,17,26,25,19,24,27,-18,-10,-16,-14,-19,0,-6,0,-18,-18,-29,-25,-31,-28,-30,-23,-31,-24,-27,-27,-30,-43,-33,-30,-21,-18,-18,0,0,0,0,0,0,-12,0,0,0,5,3,5,0,6,3,3,3,3,4,7,0,0,0,0,0,0,0,0,0]} 1. Nf3 d5 2. b3 Bg4 3. e3 e5 (3... Nd7 4. Bb2 Ngf6 5. h3 Bh5 6. g4 Bg6 7. Nh4 e5 8. d3 c6 9. Nd2 Bd6 10. Bg2 O-O 11. Qe2 a5 12. a3 Re8 13. Nxg6 hxg6 {1-0 (49) Grischuk,A (2766)-Caruana,F (2822) Saint Louis 2018}) 4. h3 Bxf3 5. Qxf3 e4 6. Qg3 {A06: Réti Opening:1 Nf3 d5} Nd7 7. Nc3 $146 {[%cal Bb1c3,Bc3e2,Be2f4][%mdl 32]} ({Predecessor:} 7. Bb2 Ngf6 8. Bb5 c6 9. Be2 Be7 10. O-O h5 11. f4 {0-1 (35) Bolivar,J-Cayon,R Barranquilla 1999}) 7... c6 8. Bb2 {White has an edge.} Nc5 9. Ne2 Nf6 10. Nf4 Rg8 11. h4 Bd6 12. Qg5 Be7 13. Qg3 Bd6 14. Be2 Qe7 15. Qg5 O-O-O 16. O-O-O Ncd7 17. Kb1 h6 18. Qf5 g6 19. Qh3 Be5 20. Bxe5 Qxe5 21. Bg4 Nxg4 22. Qxg4 f5 {The position is equal.} 23. Qh3 g5 24. Ne2 f4 25. hxg5 hxg5 26. Qg4 Kb8 27. Rh6 Nf6 28. Qh3 Rdf8 29. exf4 gxf4 30. Rh4 $1 {[#]} f3 $1 {[%mdl 512]} 31. gxf3 exf3 32. Qxf3 Ne4 $132 {[%mdl 2048] Black is fighting back} 33. Qe3 Rg2 34. Nc3 {[%cal Rc3e4]} Nxc3+ ({But not} 34... Rfxf2 $2 35. Nxe4 dxe4 36. Rxe4 $18) 35. dxc3 Qf6 36. Rh7 Qxf2 37. Qxf2 Rgxf2 38. Re1 {Accuracy: White = 70%, Black = 65%.} 1/2-1/2

[Event "FIDE Chesscom Grand Swiss 2019"]
[Site "Douglas-Isle of Man"]
[Date "2019.10.14"]
[Round "5.14"]
[White "Christiansen, Johan-Sebastian"]
[Black "Nguyen, Ngoc Truong Son"]
[Result "1/2-1/2"]
[WhiteElo "2558"]
[BlackElo "2638"]
[Annotator "RC"]
[PlyCount "39"]
[EventDate "2019.10.10"]
[EventType "swiss"]
[EventCountry "GBR"]
[SourceTitle "playchess.com"]
[Source "ChessBase"]
[SourceQuality "1"]
[TimeControl "40/6000+30:20/3000+30:900+30"]

1. e4 {[%emt 0:00:00]} c5 {[%emt 0:00:00]} 2. Nf3 {[%emt 0:00:00]} Nc6 {[%emt 0:00:00]} 3. Nc3 {[%emt 0:00:26]} e5 {[%emt 0:01:10]} 4. Bc4 {[%emt 0:00:43]} Be7 {[%emt 0:04:08]} 5. d3 {[%emt 0:04:02]} d6 {[%emt 0:00:33]} 6. Nd2 {[%emt 0:01:20]} Nf6 {[%emt 0:00:42]} 7. Nf1 {[%emt 0:00:52]} Nd7 {[%emt 0:00:49]} 8. Nd5 {[%emt 0:00:33]} Nb6 {[%emt 0:00:31]} 9. Nxb6 {[%emt 0:00:06]} axb6 {[%emt 0:00:33]} 10. c3 {[%emt 0:00:05]} O-O {[%emt 0:00:57]} 11. h4 {[%emt 0:00:04]} Be6 {[%emt 0:09:26]} 12. Bxe6 {[%emt 0:00:32]} fxe6 {[%emt 0:00:15]} 13. Qg4 {[%emt 0:00:07]} Qd7 {[%emt 0:00:55]} 14. h5 {[%emt 0:00:05]} Rf7 {[%emt 0:05:56]} 15. Nh2 {[%emt 0:10:39]} Na5 {[%emt 0:05:38]} 16. Rb1 {[%emt 0:17:03]} Nc6 {[%emt 0:12:13]} 17. Ra1 {[%emt 0:05:08]} Na5 {[%emt 0:09:37]} 18. Rb1 {[%emt 0:04:41]} Nc6 {[%emt 0:00:44]} 19. Ra1 {[%emt 0:02:58]} Na5 {[%emt 0:14:45]} 20. Rb1 {[%emt 0:00:30]} 1/2-1/2

[Event "FIDE Chesscom Grand Swiss 2019"]
[Site "Douglas-Isle of Man"]
[Date "2019.10.14"]
[Round "5.15"]
[White "Papaioannou, Ioannis"]
[Black "Nakamura, Hikaru"]
[Result "1/2-1/2"]
[WhiteElo "2645"]
[BlackElo "2745"]
[Annotator "TA"]
[PlyCount "34"]
[EventDate "2019.10.10"]
[EventType "swiss"]
[EventCountry "GBR"]
[SourceTitle "playchess.com"]
[Source "ChessBase"]
[SourceQuality "1"]

{[%evp 11,34,31,16,0,0,0,0,0,0,0,0,-6,8,0,0,7,16,0,0,0,24,0,0,0,20]} 1. d4 Nf6 2. Nf3 d5 3. c4 e6 4. g3 dxc4 5. Bg2 a6 6. O-O Nc6 7. Qc2 {E04: Open Catalan: 5 Nf3} (7. e3 Rb8 8. Nfd2 e5 9. Bxc6+ bxc6 10. dxe5 Ng4 11. Nxc4 Be6 12. Qe2 h5 13. Rd1 Qc8 14. Qf3 Rb6 15. Nxb6 cxb6 16. h4 Nxe5 {½-½ (41) Grischuk,A (2759)-Ding,L (2811) Khanty-Mansiysk 2019}) 7... Nxd4 8. Nxd4 Qxd4 9. Nd2 {[#]} c3 $1 10. bxc3 Qc5 11. Rb1 Bd6 12. Ne4 Nxe4 13. Bxe4 Qh5 $146 ({Predecessor:} 13... f5 14. Be3 Qc4 {1-0 (41) Muthaiah,A (2427)-Joshi,G (2121) Bhubaneswar 2019}) 14. Bf3 Qg6 15. Be4 Qh5 16. Bf3 Qg6 17. Be4 Qh5 1/2-1/2

[Event "FIDE Chesscom Grand Swiss 2019"]
[Site "Douglas-Isle of Man"]
[Date "2019.10.14"]
[Round "5.15"]
[White "Adly, Ahmed"]
[Black "Puranik, Abhimanyu"]
[Result "0-1"]
[WhiteElo "2636"]
[BlackElo "2571"]
[Annotator "RC"]
[PlyCount "74"]
[EventDate "2019.10.10"]
[EventType "swiss"]
[EventCountry "GBR"]
[SourceTitle "playchess.com"]
[Source "ChessBase"]
[SourceQuality "1"]
[TimeControl "40/6000+30:20/3000+30:900+30"]

1. Nf3 {[%emt 0:00:00]} Nf6 {[%emt 0:00:00]} 2. e3 {[%emt 0:00:23]} g6 {[%emt 0:00:02]} 3. b4 {[%emt 0:00:12]} Bg7 {[%emt 0:01:06]} 4. Bb2 {[%emt 0:00:03]} d5 {[%emt 0:01:46]} 5. d4 {[%emt 0:00:26]} O-O {[%emt 0:01:24]} 6. Be2 {[%emt 0:00:03]} c6 {[%emt 0:01:34]} 7. O-O {[%emt 0:00:10]} Nbd7 {[%emt 0:10:03]} 8. a4 {[%emt 0:01:41]} a5 {[%emt 0:03:16]} 9. b5 {[%emt 0:00:03]} c5 {[%emt 0:00:38]} 10. c4 {[%emt 0:00:06]} b6 {[%emt 0:18:20]} 11. Ne5 {[%emt 0:00:09]} Bb7 {[%emt 0:07:08]} 12. Nc6 {[%emt 0:06:16]} Bxc6 {[%emt 0:04:35]} 13. bxc6 {[%emt 0:00:03]} Nb8 {[%emt 0:00:04]} 14. dxc5 {[%emt 0:00:23]} Nxc6 {[%emt 0:03:10]} 15. cxd5 {[%emt 0:00:11]} Nxd5 {[%emt 0:04:13]} 16. Bxg7 {[%emt 0:00:35]} Kxg7 {[%emt 0:00:03]} 17. Ra2 {[%emt 0:02:25]} Ndb4 {[%emt 0:05:11]} 18. Rd2 {[%emt 0:00:17]} Qb8 {[%emt 0:02:24]} 19. Qc1 {[%emt 0:04:45]} bxc5 {[%emt 0:06:28]} 20. Qxc5 {[%emt 0:00:53]} Rc8 {[%emt 0:01:52]} 21. Na3 {[%emt 0:00:44]} Qa7 {[%emt 0:12:21]} 22. Qxa7 {[%emt 0:00:45]} Nxa7 {[%emt 0:02:26]} 23. Nc4 {[%emt 0:05:44]} Rc5 {[%emt 0:00:47]} 24. Rd7 {[%emt 0:01:05]} Nac6 {[%emt 0:00:58]} 25. f4 {[%emt 0:00:02]} Na2 {[%emt 0:04:53]} 26. Ra1 {[%emt 0:00:15]} Nc3 {[%emt 0:00:16]} 27. Bf1 {[%emt 0:00:02]} Rb8 {[%emt 0:01:37]} 28. Ra3 {[%emt 0:02:29]} Ne4 {[%emt 0:00:32]} 29. Nd2 {[%emt 0:03:06]} Nd6 {[%emt 0:02:53]} 30. Rd3 {[%emt 0:06:36]} Rc2 {[%emt 0:03:37]} 31. Nb3 {[%emt 0:03:07]} Rb4 {[%emt 0:03:11]} 32. Rc7 {[%emt 0:00:07]} Rxa4 {[%emt 0:01:19]} 33. Rd2 {[%emt 0:00:01]} Rc3 {[%emt 0:01:10]} 34. Rxd6 {[%emt 0:03:13]} exd6 {[%emt 0:00:05]} 35. Nd4 {[%emt 0:00:04]} Rxe3 {[%emt 0:01:45]} 36. Nxc6 {[%emt 0:00:08]} Rc3 {[%emt 0:00:45]} 37. Bb5 {[%emt 0:01:25]} Ra1+ {[%emt 0:00:15]} 0-1

[Event "FIDE Chesscom Grand Swiss 2019"]
[Site "Douglas-Isle of Man"]
[Date "2019.10.14"]
[Round "5.16"]
[White "Mamedov, Rauf"]
[Black "Svidler, Peter"]
[Result "1/2-1/2"]
[WhiteElo "2645"]
[BlackElo "2729"]
[Annotator "TA"]
[PlyCount "60"]
[EventDate "2019.10.10"]
[EventType "swiss"]
[EventCountry "GBR"]
[SourceTitle "playchess.com"]
[Source "ChessBase"]
[SourceQuality "1"]

{[%evp 19,60,15,7,6,30,25,27,18,31,20,37,2,23,27,27,30,33,14,29,3,3,3,8,3,3,3,3,0,0,0,0,0,0,0,0,0,0,0,0,0,0,0,0]} 1. e4 c5 2. c3 Nf6 3. e5 Nd5 4. Nf3 Nc6 5. Bc4 e6 6. d4 cxd4 7. cxd4 d6 8. O-O Be7 9. Qe2 O-O 10. Rd1 Bd7 11. Bd2 {B22: Sicilian: 2 c3} (11. a3 Rc8 12. Bxd5 exd5 13. Nc3 Be6 14. Bf4 Re8 15. h3 a6 16. Rac1 h6 17. b4 Bf8 18. Qd2 Rc7 {½-½ (39) Vitiugov,N (2732)-Yu,Y (2763) Khanty-Mansiysk 2019}) 11... Ndb4 12. exd6 Bxd6 13. Nc3 $146 {White has an edge.} ({Predecessor:} 13. a3 Nd5 14. Nc3 Nce7 15. Ne5 Nxc3 16. bxc3 Bxe5 17. Qxe5 Ng6 18. Qg3 Ba4 {½-½ (37) Stevic,H (2539)-Jankovic,A (2477) Zagreb 2004}) 13... Ne7 14. Bg5 h6 15. Bh4 Qe8 16. Bxe7 Qxe7 17. a3 Nc6 18. d5 (18. Re1 {with more complications.} Rfd8 19. Rad1 Rac8 20. Ba2 Qf8 21. d5) 18... exd5 19. Qxe7 Bxe7 {The position is equal.} 20. Nxd5 Rfd8 21. Nxe7+ Nxe7 22. Ne5 Be8 23. f3 Kf8 24. Kf2 Nc6 25. Nxc6 Bxc6 26. Ke3 Re8+ 27. Kf2 Red8 28. Ke3 Re8+ 29. Kf2 Red8 30. Ke3 Ke7 {Accuracy: White = 80%, Black = 79%.} 1/2-1/2